| 000 | 01264nam0a22002891 4500 | ||
|---|---|---|---|
| 001 | v19\rc\1933649 | ||
| 005 | 20260406105440.0 | ||
| 035 | _a(NLR Aleph) 005266562 | ||
| 090 |
_a5955384 _c5955384 |
||
| 100 | _a20080404d1912 |||y0rusy50 ca | ||
| 101 | 0 | _arus | |
| 102 | _aRU | ||
| 105 | _aa z ||||| | ||
| 200 | 1 |
_a[Путеводитель] _fСанатория для женщин, мужчин и детей женщины-врача М.М. Волковой. Финлянд. ж. д., ст. "Уси-Кирко", дер. "Тур-Киля" |
|
| 210 |
_aСанкт-Петербург _d1912 |
||
| 215 |
_a16 с., 5 ил. _d11х18 |
||
| 300 | _aВ конце текста: врач М. Волкова | ||
| 540 | 1 | _aПутеводитель | |
| 702 | 1 |
_4570 _8rus _7ca _aВолкова _bМ. М. _cврач _f1855-1916 _gМария Михайловна _3RU\NLR\AUTH\77101218 _984144 |
|
| 710 | 0 | 2 |
_aСанатория для женщин, мужчин и детей М.М. Волковой _cст. Уси-Кирко, Финлянд. ж. д. |
| 801 | 0 |
_aRU _bNLR _c20080404 _gpsbo |
|
| 801 | 0 |
_aRU _bRuMoRGB _c20080404 _2psbo |
|
| 801 | 1 |
_aRU _bProSoft-M _c20080404 _2rusmarc |
|
| 801 | 2 |
_aRU _bNLR _c20110704 _2rusmarc |
|
| 852 |
_aNLR _j63-4/8986 |
||
| 942 | _cBOOK | ||
| 980 | _aNB | ||